01447nam a2200193Ia 4500001001300000003001000013008004100023040002500064041000700089100001800096245009000114250001100204260003400215300001400249500088900263650006001152700002001212700002101232b6220-43786 IT-MiCISF161014s9999||||xx |||||||||||||| ||und|| aIT-MiCISFcIT-MiCISF ait aColombo Asher 0aEducarsi all'interculturalitàbImmigrazione e integrazione dentro e fuori la scuola a1a ed. a Gardolo (TN)bEricksonc2005 app. 8-157 a / famiglia-migranti, religione, adozione-internazionale, scuola, mediazione, massmedia / A scuola, al lavoro, per le strade, la convivenza di culture diverse è ormai un dato di fatto. Ma fino a che punto siamo pronti ad accettare la diversità? Siamo veramente educati all'interculturalità? In queste pagine si incrociano le voci di diversi autori che si confrontano sui vari aspetti dell'integrazione culturale: il discorso pubblico sull'immigrazione in Italia, l'immagine dell'immigrato sulla stampa, il tema spinoso della convivenza di diverse religioni, ma anche l'interculturalità a scuola e l'adozione internazionale. Un libro che fa riflettere sulla necessità di imparare a vivere la diversità nel quotidiano, a partire dal compagno di banco e dal vicino di casa, nella ferma convinzione che avvicinarsi a una cultura differente non può che arricchire la propria. a Genitorialità e problemi educativi / educazionee004 aCanevaro Andrea aGenovese Antonio